Autism Research and Treatment / (Record no. 275714)
[ view plain ]
| 000 -LEADER | |
|---|---|
| fixed length control field | 00538nam a2200181Ia 4500 |
| 008 - FIXED-LENGTH DATA ELEMENTS--GENERAL INFORMATION | |
| fixed length control field | 140925s9999 xx 000 0 und d |
| 245 ## - TITLE STATEMENT | |
| Title | Autism Research and Treatment / |
| Medium | [electronic resource] |
| 260 ## - PUBLICATION, DISTRIBUTION, ETC. (IMPRINT) | |
| Name of publisher, distributor, etc | Hindawi Publishing Corporation, |
| 516 ## - TYPE OF COMPUTER FILE OR DATA NOTE | |
| Type of computer file or data note | Electronic text |
| 650 ## - SUBJECT ADDED ENTRY--TOPICAL TERM | |
| Topical term or geographic name as entry element | Autism |
| 650 ## - SUBJECT ADDED ENTRY--TOPICAL TERM | |
| Topical term or geographic name as entry element | Research. |
| 650 ## - SUBJECT ADDED ENTRY--TOPICAL TERM | |
| Topical term or geographic name as entry element | Special Education. |
| 650 ## - SUBJECT ADDED ENTRY--TOPICAL TERM | |
| Topical term or geographic name as entry element | Treatment. |
| 830 ## - SERIES ADDED ENTRY--UNIFORM TITLE | |
| Uniform title | Hindawi Publishing Corporation |
| 856 ## - ELECTRONIC LOCATION AND ACCESS | |
| Uniform Resource Identifier | <a href="http://www.hindawi.com/journals/aurt/2012/259468/">http://www.hindawi.com/journals/aurt/2012/259468/</a> |
| 942 ## - ADDED ENTRY ELEMENTS (KOHA) | |
| Koha item type | Electronic Journals |
| Withdrawn status | Lost status | Damaged status | Home library | Current library | Date acquired | Total Checkouts | Barcode | Date last seen | Price effective from | Koha item type |
|---|---|---|---|---|---|---|---|---|---|---|
| College Library | College Library | EJ0111 | 09/25/2014 | 09/25/2014 | Electronic Journals |